000 00460nam a2200181Ia 4500
001 699
005 20260306140537.0
008 260306t2011||||xx |||||||||||||| ||spa||
041 _aESP
082 _a142.7
_bF52
100 _aFink, Eugen
_eAUT
245 0 _aHegel :
_binterpretaciones fenomenológicas de la fenomenología del espíritu
260 _c2011
300 _a454 páginas :
_c21 cm.
650 _aGEN
654 _aCHU
942 _cLIB
_dJUS
_fJUS
_2ddc
_n
999 _c699
_d699